LEADER 01312nam a2200313 i 4500 001 000000218076 003 CaOOAMICUS 005 20220119110102.0 008 130114s2012 be u000 u ger u 013 $a196973 020 $a978-2-503-54655-1 040 $aSeMil$bita 100 1 $aBalduinus : Cantuariensis,$c<1120ca-1190>.$0(OLS)http://semarc/name/109569 245 10$aSermones /$cBalduin von Ford ; Einleitung, Übersetzung und Anmerkungen von Hildegard Brem. 260 $aTurnhout :$bBrepols,$c2012. 300 $a454 p. ;$c26 cm. 490 0 $aCorpus christianorum in translation ;$v4 500 $aTraduzione di: Balduini De Forda Sermones (Corpus christianorum. Continuatio mediaevalis ; 99). 700 1 $aBrem, Hildegard.$0(OLS)http://semarc/name/76819 830 0$aCorpus christianorum in translation ;$v4.$0(OLS)http://semarc/title/9239 850 $aSeMil 852 $aSeMil$W1$xVenegono$y1$m2TA K 4$j168489$B168489$CSeMilBibl$Z2$F179349 $81 900 1 $aBaldovino : di Ford. 961 $aOmaggio: Brepols 996 $6020$a978-2-503-54655-1$9(OLS)http://semarc/number/215599 996 $6245$aSermones$9(OLS)http://semarc/title/2705 996 $6260$aTurnhout :$bBrepols$9(OLS)http://semarc/publisher/29626 LEADER 01279nam a2200265 i 4500 001 000000084857 003 CaOOAMICUS 005 20030522000000.0 008 030522s1961 fr u000 u mul u 013 $a57097 040 $aSeMil$bita 100 0 $aAmbrosius,$c.$0(OLS)http://semarc/name/904 245 10$aDes Sacrements ; Des mystères :$bnouvelle édition revue et augmentée de L'esplication du Symbole /$cAmbroise de Milan ; texte établi, traduit et annoté par Bernard Botte. 260 $aParis :$bLes Éditions du Cerf,$c1961. 300 $a223 p. ;$c20 cm. 490 0 $aSources Chrétiennes ;$v25. 500 $aTesto latino a fronte. - Dalla biblioteca del card. Giovanni Colombo. 700 1 $aBotte, Bernard,$c.$0(OLS)http://semarc/name/3926 830 0$aSources chrétiennes ;$v25.$0(OLS)http://semarc/title/72 850 $aSeMil 852 $aSeMil$W1$xVenegono$y1$mSL1.T I 25/A$j49027$B49027$CSeMilBibl$Z2$F52456 $8I 941 1 $a3 961 $aLascito: Colombo Card. Giovanni 996 $6245$aDes Sacrements ; Des mystères :$bnouvelle édition revue et augmentée de L'esplication du Symbole$9(OLS)http://semarc/title/131480 996 $6260$aParis :$bLes Éditions du Cerf$9(OLS)http://semarc/publisher/29611